[Event "Exhibition"]
[Site "Izmir TUR"]
[Date "2002.09.03"]
[Round "1"]
[White "Gurevich,M"]
[Black "Erdogdu,M"]
[Result "1-0"]
[WhiteElo "2649"]
[BlackElo "2321"]

1.c4 Nf6 2.Nc3 g6 3.g3 Bg7 4.Bg2 O-O 5.d3 d6 6.e3 e5 7.Nge2 Nc6 8.Rb1 a5
9.b3 Nh5 10.O-O f5 11.f4 Kh8 12.Nd5 Ne7 13.Bb2 c6 14.Nxe7 Qxe7 15.Qd2 Bd7
16.Rbe1 g5 17.Kh1 a4 18.Bf3 Be8 19.b4 Bg6 20.a3 Rae8 21.Qd1 exf4 22.Bxg7+ Qxg7
23.exf4 g4 24.Bg2 Rf6 25.Nd4 Bf7 26.Rxe8+ Bxe8 27.Qe1 Bd7 28.Qf2 Rf7 29.Re1 Re7
30.Rxe7 Qxe7 31.Kg1 Kg7 32.Ne2 Nf6 33.Kf1 h5 34.Nc3 b5 35.cxb5 cxb5 36.Qd4 Kg6
37.Kf2 h4 38.Nd5 Nxd5 39.Bxd5 hxg3+ 40.hxg3 Qh7 41.Qb6 Qe7 42.Qb8 Be6 43.Qxb5 Qa7+
44.Ke2 Bd7 45.Bc6 Bxc6 46.Qxc6 Qd4 47.Qe8+ Kg7 48.Qe7+ Kh8 49.Qf8+ Kh7 50.Qxf5+ Kh6
51.Qg5+ Kh7 52.Qh5+  1-0

[Event "Exhibition"]
[Site "Izmir TUR"]
[Date "2002.09.03"]
[Round "2"]
[White "Erdogdu,M"]
[Black "Gurevich,M"]
[Result "0-1"]
[WhiteElo "2321"]
[BlackElo "2649"]

1.e4 e6 2.d4 d5 3.Nc3 Nf6 4.Bg5 dxe4 5.Nxe4 Be7 6.Bxf6 Bxf6 7.Nf3 Nd7 8.Bd3 O-O
9.Qe2 b6 10.O-O-O Bb7 11.h4 Be7 12.Nfg5 h6 13.Kb1 Nf6 14.Nxf6+ Bxf6 15.Bh7+ Kh8
16.Be4 Bxe4 17.Nxe4 Be7 18.g4 f5 19.gxf5 exf5 20.Ng3 Bxh4 21.Qe5 Re8 22.Qxf5 Qg5
23.Qf3 Bxg3 24.fxg3 Rf8 25.Qc3 Rf7 26.a4 Raf8 27.Rd3 Qd5 28.Rhd1 c6 29.b3 Rf2
30.Kb2 Rg2 31.Re1 Rff2 32.Re5 Qd6 33.Re4 Kh7 34.Rde3 Rd2 35.Rd3 Rdf2 36.Rde3 Qg6
37.Qd3 Rd2 38.Qc3 h5 39.Kc1 Rdf2 40.Qd3 Qf5 41.Kb2 Rd2 42.Qc3 Qg6 43.Kc1 Rdf2
44.Qd3 a6 45.Kb2 b5 46.axb5 axb5 47.Kc1 Qf5 48.Kb2 Rd2 49.Qc3 Qg6 50.Kc1 Rdf2
51.Qd3 Qf5 52.Kb2 b4 53.Kb1 Rd2 54.Qc4 Rd1+ 55.Kb2 Qf2 56.Qc3 Rd2 57.Qc4 Rd1  0-1

[Event "TCh-BEL 2002-3"]
[Site "Belgium BEL"]
[Date "2002.10.06"]
[Round "1"]
[White "Gurevich,M"]
[Black "Motwani,P"]
[Result "1/2-1/2"]
[WhiteElo "2634"]
[BlackElo "2525"]

1.d4 d5 2.c4 c6 3.Nf3 Nf6 4.e3 Bg4 5.Qb3 Qb6 6.Ne5 Bf5 7.cxd5 Nxd5 8.Nc3 e6
9.Be2 Nd7 10.Nxd7 Qxb3 11.axb3 Kxd7 12.Bd2 Bc2 13.Nxd5 exd5 14.b4 Bd6 15.b5 cxb5
16.Bxb5+ Ke6 17.Ba5 Rhc8 18.O-O a6 19.Be2 Rc6 20.h3 Rac8 21.Rfc1 Bb3 22.Rxc6 Rxc6
23.Bd3 Bc2 24.Be2 Bb3 25.Bd3 Bc2  1/2-1/2

[Event "National I"]
[Site "Sautron FRA"]
[Date "2003.01.31"]
[Round "1"]
[White "Gurevich,M"]
[Black "Delebarre,X"]
[Result "1-0"]
[WhiteElo "2634"]
[BlackElo "2307"]

1.d4 c5 2.d5 d6 3.c4 Nf6 4.Nc3 g6 5.e4 Bg7 6.Nf3 O-O 7.Bd3 Bg4 8.h3 Bxf3
9.Qxf3 Nbd7 10.Qd1 Ne8 11.O-O a6 12.f4 Bd4+ 13.Kh2 e6 14.Bd2 exd5 15.exd5 f5
16.Qf3 Ng7 17.b3 h5 18.Rae1 Qf6 19.Ne2 Rae8 20.Bc2 Bb2 21.Qd3 Re7 22.Ng1 Rfe8
23.Nf3 b6 24.Rxe7 Rxe7 25.Rb1 a5 26.Rg1 Bd4 27.Rf1 Bb2 28.g3 Re8 29.Rg1 Qe7
30.Re1 Qf6 31.Rb1 Nf8 32.Kg2 Nd7 33.Kf1 Nf8 34.Bd1 Nd7 35.Be1 Re4 36.Be2 Re8
37.Qc2 Ba1 38.a3 Bd4 39.Bd3 Be3 40.Rb2 Qe7 41.Qd1 Nf6 42.Re2 Qd8 43.Bc2 Re7
44.Bc3 Re8 45.Qe1  1-0

[Event "National I"]
[Site "Sautron FRA"]
[Date "2003.02.02"]
[Round "3"]
[White "Gurevich,M"]
[Black "Van Wely,L"]
[Result "1/2-1/2"]
[WhiteElo "2634"]
[BlackElo "2668"]

1.d4 Nf6 2.c3 e6 3.Bg5 c5 4.e3 h6 5.Bh4 b6 6.Nd2 Bb7 7.Ngf3 Be7 8.a3 O-O
9.Bd3 d5 10.Ne5 Nc6 11.Nxc6 Bxc6 12.O-O a5 13.Qe2 c4 14.Bc2 b5 15.Bxf6 Bxf6
16.e4 g6 17.e5 Bg7 18.f4 b4 19.Nf3 bxc3 20.bxc3 Rb8 21.a4 Rb2 22.Rfb1 Rxb1+
23.Rxb1 Qe7 24.Ra1 Rb8 25.Ra2 Rb6 26.Qd2 Qb7 27.Qc1 Be8 28.h4 Bf8 29.g4 Bd7
30.Kh2 Rb3 31.Qa1 Rb6 32.Kg3 Qb8 33.g5 h5 34.Kf2 Be7 35.Ke3 Kf8 36.Ne1 Ke8
37.Ng2 Bc6 38.Kd2 Kf8 39.Ne3 Kg7 40.Ke2 Bf8 41.Kd2  1/2-1/2

[Event "11th Aosta Open"]
[Site "Saint Vincent ITA"]
[Date "2003.02.11"]
[Round "4"]
[White "Efimov,I"]
[Black "Gurevich,M"]
[Result "0-1"]
[WhiteElo "2480"]
[BlackElo "2634"]

1.e4 e6 2.d4 d5 3.Nc3 Nf6 4.Bg5 dxe4 5.Nxe4 Be7 6.Bxf6 Bxf6 7.Nf3 Nd7 8.Nxf6+ Nxf6
9.Bb5+ Bd7 10.Bxd7+ Qxd7 11.Qe2 O-O 12.O-O Rfd8 13.Rad1 Qa4 14.a3 Rd6 15.c3 Rad8
16.Ne5 c5 17.Qc4 Qxc4 18.Nxc4 R6d7 19.Ne5 Rd5 20.Nf3 g5 21.h3 h5 22.c4 R5d7
23.Nxg5 Rxd4 24.Rc1 Rd2 25.b4 R2d3 26.Rb1 Rc8 27.f4 cxb4 28.Rxb4 b6 29.Rf3 Rd4
30.Rb5 Rcxc4 31.f5 Rd5 32.Rxd5 exd5 33.Re3 Kf8 34.Nf3 Ne4 35.Rd3 Rc1+ 36.Kh2 Rc5
37.Rd4 Ra5 38.Ne5 Rxa3 39.Rxd5 Nf6 40.Rd8+ Kg7 41.Rb8 Ne4 42.Rb7 Nd6 43.Rd7 Kf6
44.Nc6 Nxf5 45.g4 hxg4 46.hxg4 Nh6 47.Nxa7 Nxg4+ 48.Kg2 Ke6 49.Rb7 Ne3+ 50.Kf2 Nd5
51.Nc6 f6 52.Rh7 Ra4 53.Ke2 Kd6 54.Nd8 Ra8 55.Nf7+ Ke6 56.Nh6 Ra2+ 57.Kf3 Rh2
58.Rh8 Ne7 59.Ke4 Rh5  0-1

[Event "11th Aosta Open"]
[Site "Saint Vincent ITA"]
[Date "2003.02.12"]
[Round "5"]
[White "Gurevich,M"]
[Black "Volkov,S"]
[Result "1/2-1/2"]
[WhiteElo "2634"]
[BlackElo "2624"]

1.d4 d5 2.c4 c6 3.Nf3 Nf6 4.e3 a6 5.Bd3 Bg4 6.Nbd2 e6 7.O-O Nbd7 8.b3 Bd6
9.Bb2 Qe7 10.Qc2 O-O 11.h3 Bh5 12.Ng5 h6 13.Ngf3 e5 14.cxd5 Nxd5 15.Bh7+ Kh8
16.Bf5 exd4 17.Bxd4 Ne5 18.Rad1 Nxf3+ 19.Nxf3 Bxf3 20.gxf3 Be5 21.f4  1/2-1/2

[Event "Edda Rapid"]
[Site "Reykjavic ISL"]
[Date "2003.03.05"]
[Round "8"]
[White "Sutovsky,E"]
[Black "Gurevich,M"]
[Result "0-1"]
[WhiteElo "2651"]
[BlackElo "2634"]

1.e4 e6 2.d4 d5 3.Nc3 Nf6 4.Bg5 Be7 5.e5 Nfd7 6.Bxe7 Qxe7 7.f4 a6 8.Nf3 c5
9.dxc5 Nc6 10.Bd3 Qxc5 11.Qd2 b5 12.h4 b4 13.Ne2 a5 14.h5 h6 15.Rh3 O-O 16.Ned4 Nxd4
17.Nxd4 Kh8 18.Nb5 a4 19.Qe3 Ba6 20.Nd6 f6 21.Bg6 fxe5 22.Nf7+ Kg8 23.Nxe5 Qxe3+
24.Rxe3 Rxf4 25.O-O-O Nxe5 26.Rxe5 Bc8 27.g3 Rf3 28.Rd4 Rb8 29.Rf4 Rxf4 30.gxf4 Kf8
31.f5 Rb6 32.fxe6 Bxe6 33.Bf5 Bf7 34.Bd3 Re6 35.Rf5 Re1+ 36.Kd2 Ra1 37.Rf4 Ke7
38.Rxb4 Rxa2 39.Rb7+ Kf6 40.Rb6+ Be6 41.Rb7 Ke5 42.Rxg7 Rxb2 43.Rh7 Rb8 44.Ra7 Rb4
45.Kc3 Rh4 46.Bg6 Bh3 47.Be8 Bg4 48.Rxa4 Rh3+ 49.Kd2 Rh2+ 50.Ke3 d4+ 51.Kd3 Be2+  0-1

[Event "Edda Rapid"]
[Site "Reykjavic ISL"]
[Date "2003.03.05"]
[Round "9"]
[White "Shirov,A"]
[Black "Gurevich,M"]
[Result "0-1"]
[WhiteElo "2723"]
[BlackElo "2634"]

1.e4 e6 2.d4 d5 3.Nc3 Nf6 4.Bg5 dxe4 5.Nxe4 Nbd7 6.Nxf6+ Nxf6 7.Nf3 h6 8.Be3 a6
9.Bd3 b6 10.Qe2 Bb7 11.O-O-O Qd5 12.Kb1 b5 13.Ne5 Bd6 14.c4 bxc4 15.Bxc4 Qa5
16.Rhg1 Rb8 17.Ka1 Bxe5 18.dxe5 Qxe5 19.f4 Qa5 20.Bd4 O-O 21.g4 Ne4 22.g5 hxg5
23.Bd3 Bd5 24.Bb1 Rb4 25.a3 Rb3 26.Rd3 Rxd3 27.Qxd3 Qb5 28.Qe3 c5 29.Bxg7 Kxg7
30.Bxe4 Rb8 31.Qc3+ Kf8 32.Bxd5 exd5 33.Qe5 Rb6 34.f5 f6 35.Qc3 d4 36.Qc2 c4
37.Re1 c3 38.b4 Rb8 39.Qf2 Qd3 40.Re6 Qd1+  0-1

[Event "National I"]
[Site "Bordeaux FRA"]
[Date "2003.04.06"]
[Round "6"]
[White "Gurevich,M"]
[Black "Kosten,A"]
[Result "1-0"]
[WhiteElo "2635"]
[BlackElo "2545"]

1.d4 Nf6 2.c4 e6 3.Nc3 Bb4 4.Qc2 O-O 5.a3 Bxc3+ 6.Qxc3 b6 7.Bg5 Bb7 8.f3 h6
9.Bh4 d5 10.e3 Re8 11.Bd3 Nbd7 12.Ne2 c5 13.cxd5 cxd4 14.Nxd4 Nxd5 15.Bxd8 Nxc3
16.Bh4 Ne5 17.Bf1 Nd5 18.Bg3 Nxe3 19.Bxe5 f6 20.Bg3 Rad8 21.Bb5 Rxd4 22.Ke2 Nc2
23.Rac1 Rc8 24.Bd3 Rcd8 25.Bxc2 Ba6+ 26.Ke3 Rd2 27.Rhd1 Re2+ 28.Kf4 e5+ 29.Kg4 Bc8+
30.Bf5 h5+ 31.Kxh5 Rxd1 32.Rxc8+ Kf7 33.Rc7+ Ke8 34.Kg6 Rxg2 35.Kxg7 Rd6
36.Rxa7 Rxb2 37.Bh4 Rg2+ 38.Bg6+ Kd8 39.Bxf6+ Kc8 40.Kf7  1-0

[Event "XXI Open"]
[Site "Metz FRA"]
[Date "2003.04.20"]
[Round "2"]
[White "Gurevich,M"]
[Black "De Pierrefeu,T"]
[Result "1-0"]
[WhiteElo "2635"]
[BlackElo "2235"]

1.g3 g6 2.Bg2 Bg7 3.d4 d6 4.e4 c5 5.d5 b5 6.Nf3 Nd7 7.O-O Ngf6 8.Re1 O-O
9.h3 Bb7 10.Na3 a6 11.c4 b4 12.Nb1 Qc7 13.a4 bxa3 14.Rxa3 Nb6 15.b3 e5 16.Bd2 Qe7
17.Nc3 h6 18.Bf1 Bc8 19.Kh2 Kh7 20.Bd3 Qd7 21.Ng1 Nh5 22.Be2 Nf6 23.f4 exf4
24.gxf4 Re8 25.Bf3 Rb8 26.Qe2 Ng8 27.Qg2 a5 28.Rxa5 Qd8 29.Ra7 Re7 30.Rxe7 Qxe7
31.Nge2 Nd7 32.Nc1 Ngf6 33.Nd1 Nf8 34.Nd3 N8d7 35.e5 dxe5 36.fxe5 Ne8 37.Nf4 Ra8
38.d6 Qf8 39.Bg4 f5 40.Qxa8 fxg4 41.Qxc8 gxh3 42.Qa8 g5 43.Qe4+ Kh8 44.Nd5  1-0

[Event "XXI Open"]
[Site "Metz FRA"]
[Date "2003.04.21"]
[Round "3"]
[White "Sprenger,J"]
[Black "Gurevich,M"]
[Result "0-1"]
[WhiteElo "2431"]
[BlackElo "2635"]

1.e4 e6 2.d4 d5 3.Nd2 c5 4.Ngf3 Nf6 5.exd5 exd5 6.Bb5+ Bd7 7.Bxd7+ Nbxd7
8.O-O Be7 9.dxc5 Nxc5 10.Nd4 Qd7 11.N2f3 Bd6 12.Re1+ Nce4 13.Nh4 Ng4 14.f3 Bxh2+
15.Kf1 O-O-O 16.fxg4 Bg3 17.Nhf3 Qxg4 18.Be3 h5 19.c4 Bxe1 20.Qxe1 h4 21.cxd5 Rxd5
22.Rc1+ Kb8 23.Bg1 Ka8 24.Qe3 Re8 25.Ne6 Ng3+ 26.Ke1 Qxe6  0-1

[Event "XXI Open"]
[Site "Metz FRA"]
[Date "2003.04.26"]
[Round "8"]
[White "Gurevich,M"]
[Black "Ivanovic,B"]
[Result "1-0"]
[WhiteElo "2635"]
[BlackElo "2512"]

1.d4 Nf6 2.c4 c5 3.d5 g6 4.Nc3 d6 5.e4 Bg7 6.Nf3 O-O 7.Bd3 e6 8.O-O exd5
9.exd5 Bg4 10.h3 Bxf3 11.Qxf3 Nbd7 12.Qd1 a6 13.a4 Re8 14.Bg5 Qa5 15.Bd2 Qd8
16.f4 h6 17.g4 Nh7 18.Kg2 Rf8 19.Qc2 Ndf6 20.Rae1 Qd7 21.Qd1 Rae8 22.b3 Rxe1
23.Rxe1 Re8 24.a5 Rxe1 25.Qxe1 Qd8 26.Ne2 Nd7 27.Ng1 Nhf6 28.Nf3 Qe8 29.Qb1 Qc8
30.Ng1 Qd8 31.Ne2 Qe7 32.Ng3 Ne8 33.Bc2 Bd4 34.Qf1 Bg7 35.Ne4 Nef6 36.Nc3 Ne8
37.Qf2 Bd4 38.Qf3 Bg7 39.Kg3 Nef6 40.Qd3 Ne8 41.h4 Nef6 42.Bd1 Ne8 43.Bf3 Bd4
44.Ne2 Bg7 45.Kh3 Nf8 46.Ng3 Nf6 47.Kg2 N6d7 48.h5 Bb2 49.Be4 Qe8 50.Qc2 Bg7
51.Qb1 Nf6 52.Bf3 Qc8 53.Qd1 N8d7 54.Qe2 Qe8 55.g5 Qxe2+ 56.Bxe2 Nxh5 57.Ne4 hxg5
58.fxg5 Be5 59.Bg4 f5 60.gxf6 Nhxf6 61.Nxf6+ Nxf6 62.Bc8 Ne4 63.Be1 Kf7 64.Bxb7 Ke7
65.Bxa6 Bc3 66.Bxc3 Nxc3 67.Kf3 Kd8 68.Bb5 Kc7 69.Kf4 Nb1 70.Kg5 Nd2 71.Ba4 Kb7
72.Kxg6 Ka6 73.Kf6 Kxa5 74.Ke7 Ne4 75.Be8 Kb6 76.Bg6 Nd2 77.Kxd6 Nxb3 78.Ke7 Na5
79.Bd3  1-0

[Event "4th IECC"]
[Site "Istanbul TUR"]
[Date "2003.06.07"]
[Round "8"]
[White "Gurevich,M"]
[Black "Stefansson,H"]
[Result "1/2-1/2"]
[WhiteElo "2635"]
[BlackElo "2565"]

1.d4 d5 2.c4 c6 3.e3 Nf6 4.Bd3 e5 5.Nc3 exd4 6.exd4 Be6 7.c5 b6 8.cxb6 axb6
9.Nf3 Be7 10.O-O Bg4 11.h3 Bh5 12.Re1 O-O 13.Bf4 Nbd7 14.Rc1 b5 15.Nxb5 Bb4
16.Nc3 Qb6 17.g4 Bg6 18.a3 Bxc3 19.Rxc3 Ne4 20.Rb3 Qa7 21.Bxe4 dxe4 22.Nh4 Rfe8
23.Rbe3 Qb6 24.Nxg6 hxg6 25.Qc2 Rac8 26.Rxe4 Rxe4 27.Rxe4 Nf6 28.Re1 Qxd4
29.Be5 Qd5 30.Qc3 Ne8 31.Qd4 Qe6  1/2-1/2

[Event "TCh-NED Playoff"]
[Site "Enschede NED"]
[Date "2003.06.21"]
[Round "1"]
[White "Wiersma,E"]
[Black "Gurevich,M"]
[Result "0-1"]
[WhiteElo "2362"]
[BlackElo "2635"]

1.e4 e6 2.d4 d5 3.e5 c5 4.c3 Bd7 5.Nf3 Qb6 6.a3 a5 7.Be2 Nc6 8.O-O a4 9.Bd3 Nh6
10.Bc2 Nf5 11.Bxf5 exf5 12.c4 Nxd4 13.Nxd4 cxd4 14.cxd5 Bc5 15.Nd2 O-O 16.b4 axb3
17.Nxb3 Ba4 18.Rb1 Rfd8 19.Qf3 Bb5 20.Re1 Bc4 21.d6 d3 22.Nd2 Qa5 23.Qxf5 Bxd6
24.Qf4 Ba2 25.exd6 Bxb1 26.Bb2 Ba2 27.Re7 Rxd6 28.Nf3 Rg6 29.Qe4 Qd8 30.Qe5 Bd5  0-1

[Event "TCh-NED Playoff"]
[Site "Enschede NED"]
[Date "2003.06.22"]
[Round "2"]
[White "Gurevich,M"]
[Black "Van der Sterren,P"]
[Result "1-0"]
[WhiteElo "2635"]
[BlackElo "2535"]

1.d4 e6 2.c4 Bb4+ 3.Nd2 c5 4.a3 Bxd2+ 5.Qxd2 cxd4 6.Nf3 Nf6 7.Nxd4 d5 8.e3 O-O
9.b3 b6 10.Bb2 Bb7 11.f3 Nbd7 12.cxd5 Bxd5 13.e4 e5 14.exd5 exd4 15.Bxd4 Re8+
16.Kf2 Nxd5 17.Bc4 N5f6 18.Rhe1 Ne5 19.Bb5 Re6 20.Rad1 Qd5 21.a4 a6 22.Bf1 Nc6
23.Rxe6 Qxe6 24.Bxb6 Qxb3 25.a5 h6 26.Rc1 Ne5 27.Qc2 Qe6 28.Kg1 Nd5 29.Bd4 Re8
30.Kh1 Nb4 31.Qe4 Nbc6 32.Bb6 Qd7 33.Bxa6 Ng6 34.Ra1  1-0

[Event "KB Czech Open"]
[Site "Pardubice CZE"]
[Date "2003.07.18"]
[Round "1"]
[White "Gurevich,M"]
[Black "Plischki,S"]
[Result "1-0"]
[WhiteElo "2644"]
[BlackElo "2310"]

1.c4 Nf6 2.Nc3 e5 3.Nf3 Nc6 4.a3 g6 5.g3 Bg7 6.Bg2 O-O 7.d3 h6 8.O-O d6 9.b4 a6
10.Rb1 Be6 11.e4 Qd7 12.Nd5 Ne8 13.Bb2 Kh7 14.d4 Bg4 15.dxe5 dxe5 16.Ne3 Qxd1
17.Rfxd1 Bxf3 18.Bxf3 Nd6 19.Bg2 Rfd8 20.c5 Ne8 21.Nd5 Nd4 22.f4 Nc6 23.Rd3 exf4
24.gxf4 Bxb2 25.Rxb2 Kg7 26.Rbd2 f6 27.h4 Kf7 28.Bh3 Rab8 29.a4 b6 30.b5 axb5
31.axb5 Na5 32.Nc3 Rxd3 33.Rxd3 bxc5 34.Rd7+ Kf8 35.Be6 Nd6 36.e5 fxe5 37.fxe5 Nxb5
38.Rf7+ Kg8 39.Nd5 Nd4  1-0

[Event "KB Czech Open"]
[Site "Pardubice CZE"]
[Date "2003.07.20"]
[Round "3"]
[White "Gurevich,M"]
[Black "Coenen,N"]
[Result "1-0"]
[WhiteElo "2644"]
[BlackElo "2402"]

1.c4 c5 2.g3 Nf6 3.Bg2 d5 4.cxd5 Nxd5 5.Nc3 Nc7 6.Qa4+ Qd7 7.Nf3 Nc6 8.O-O e5
9.a3 Rb8 10.Qe4 f6 11.e3 Be7 12.Rd1 f5 13.Qc2 O-O 14.d4 cxd4 15.exd4 e4 16.Qb3+ Kh8
17.Ng5 Bd6 18.Be3 b6 19.Rac1 Na5 20.Qa2 Ba6 21.b4 Bc4 22.Qb1 Nb3 23.Ncxe4 Nxc1
24.Rxc1 b5 25.Nxd6 Qxd6 26.Bf4 Qd7 27.Bxc7 Qxc7 28.Ne6 Qd6 29.Nxf8 Rxf8 30.Rd1 Bd5
31.Bxd5 Qxd5 32.Qc2 Re8 33.Qc5 Qf3 34.Qc1 h6 35.Re1 Rd8 36.Re3 Qb7 37.Rd3 Rc8
38.Rc3 Rd8 39.Qe3 Qd7 40.Rd3 Re8 41.Qf3 Re4 42.d5 a6 43.Kg2 Kh7 44.h4 Kg6
45.d6 Kf6 46.Rd5 Rc4 47.Qd3 Re4 48.Rc5 Qb7 49.f3  1-0

[Event "KB Czech Open"]
[Site "Pardubice CZE"]
[Date "2003.07.21"]
[Round "4"]
[White "Womacka,M"]
[Black "Gurevich,M"]
[Result "0-1"]
[WhiteElo "2476"]
[BlackElo "2644"]

1.e4 e6 2.d4 d5 3.Nd2 Nf6 4.Bd3 c5 5.e5 Nfd7 6.c3 Nc6 7.Ne2 cxd4 8.cxd4 f6
9.exf6 Nxf6 10.Nf3 Qc7 11.O-O Bd6 12.Bg5 O-O 13.Bh4 Qb6 14.Nc3 Bd7 15.a3 Rac8
16.Na4 Qd8 17.Rc1 Qe8 18.Re1 Qh5 19.Bg3 Bxg3 20.fxg3 Nxd4 21.Nxd4 Qxd1 22.Rcxd1 Bxa4
23.Ra1 Bd7 24.Nxe6 Bxe6 25.Rxe6 Rce8 26.Rxe8 Rxe8 27.Rd1 Kf7 28.h3 Ke7 29.Kf2 Kd6
30.Kf3 d4 31.Bb1 Re3+ 32.Kf4 Nd5+ 33.Kg4 Ke5 34.h4 h6 35.h5 Re2 36.Rc1 Rxb2
37.Bg6 Rxg2 38.Rc8 Nf6+ 39.Kh3 Ra2 40.Rc7 Rxa3 41.Rxg7 b5 42.Rb7 a6 43.Rb8 d3
44.Rd8 Nd5 45.Bf7 Ne7 46.Bg6 Nc6 47.Rxd3 Rxd3 48.Bxd3 Nd4 49.Kg2 a5 50.Kf2 a4
51.Ke3 a3 52.Bb1 b4  0-1

[Event "European GP"]
[Site "Izmir TUR"]
[Date "2003.09.01"]
[Round "7"]
[White "Gurevich,M"]
[Black "De Vreugt,D"]
[Result "1-0"]
[WhiteElo "2644"]
[BlackElo "2459"]

1.d4 Nf6 2.c4 c6 3.Nf3 d5 4.e3 Bf5 5.Nc3 e6 6.Nh4 Be4 7.f3 Bg6 8.Qb3 Qc7
9.Bd2 Nbd7 10.cxd5 exd5 11.g4 Qb6 12.g5 Qxb3 13.axb3 Ng8 14.Nxg6 hxg6 15.e4 dxe4
16.fxe4 Bd6 17.Bc4 b5 18.Be2 b4 19.Na4 f6 20.h4 Ne7 21.Kf2 Rc8 22.Rac1 c5
23.Ba6 Rc7 24.Bb5 fxg5 25.dxc5 Bf4 26.hxg5 Rf8 27.Bxf4 Rxf4+ 28.Ke3 Rf8 29.Nb6 axb6
30.cxb6 Rb7 31.Rhd1 Rxb6 32.Bxd7+ Kf7 33.Rc7 Rfb8 34.Rf1+ Kg8 35.Ra1 Kf8
36.Kd4 R8b7 37.Rxb7 Rxb7 38.Ra8+  1-0

[Event "Open"]
[Site "Bastia FRA"]
[Date "2003.10.29"]
[Round "1"]
[White "Gurevich,M"]
[Black "Cristofari,A"]
[Result "1-0"]
[WhiteElo "2656"]
[BlackElo "2120"]

1.c4 e5 2.g3 Nc6 3.Bg2 Nf6 4.Nc3 Bc5 5.e3 d5 6.Nxd5 Nxd5 7.cxd5 Nb4 8.Qb3 Bf5
9.e4 Qf6 10.d4 exd4 11.a3 Bxe4 12.Bxe4 d3 13.Nf3 Nc2+ 14.Kf1 O-O 15.Rb1 Rfe8
16.Qxd3 Ne1 17.Kxe1 Qe7 18.Be3 Qxe4 19.Qxe4 Rxe4 20.Ke2 Rae8 21.Rhe1 Ra8
22.Ra1 Bf8 23.Ng1  1-0

[Event "Open"]
[Site "Bastia FRA"]
[Date "2003.10.30"]
[Round "5"]
[White "Gurevich,M"]
[Black "Guidarelli,L"]
[Result "1/2-1/2"]
[WhiteElo "2656"]
[BlackElo "2422"]

1.c4 c5 2.g3 Nc6 3.Bg2 g6 4.Nc3 Bg7 5.a3 d6 6.e3 a5 7.Nge2 e5 8.Nb5 Nge7
9.Nec3 O-O 10.Rb1 f5 11.d3 Be6 12.O-O Rb8 13.Nd5 Bf7 14.Nbc3 Nxd5 15.Nxd5 Ne7
16.Nxe7+ Qxe7 17.Bd2 b5 18.Bxa5 bxc4 19.dxc4 e4 20.Qc2 Qa7 21.b4 Rfc8 22.Rfc1 cxb4
23.Bxb4 Rxc4 24.Qd2 Rxc1+ 25.Rxc1 d5 26.Bd6 Rd8 27.Qb4 Qd7 28.Be7 Rc8 29.Rxc8+ Qxc8
30.Bf1 f4 31.a4 fxe3 32.fxe3 d4 33.exd4 e3 34.Bg5 Qe8 35.Be2 h6 36.Be7 Qc6
37.Bc5 Qf6 38.Qb8+ Kh7 39.Qf4 Qe6 40.d5 Qxd5 41.Bxe3 Qa2 42.Bb5 Bd5 43.Qf2 Qb1+
44.Bf1 Qe4 45.Bg2 Qxa4 46.Bxd5 Qd1+ 47.Kg2 Qxd5+  1/2-1/2

[Event "TCh-BEL 2003-4"]
[Site "Belgium BEL"]
[Date "2003.12.08"]
[Round "4"]
[White "Gurevich,M"]
[Black "Van Haastert,E"]
[Result "1-0"]
[WhiteElo "2656"]
[BlackElo "2435"]

1.d4 d5 2.c4 c6 3.Nf3 Nf6 4.e3 a6 5.Qc2 g6 6.Bd3 Bg7 7.O-O O-O 8.Nc3 Bg4
9.Ne5 Be6 10.Bd2 dxc4 11.Nxc4 b5 12.Ne5 c5 13.dxc5 Qc7 14.Nf3 Qxc5 15.Nd4 Bd7
16.b4 Qb6 17.a4 Nc6 18.Nxc6 Bxc6 19.axb5 axb5 20.Rxa8 Rxa8 21.Rc1 Qb7 22.f3 Rd8
23.Be1 Be8 24.Qe2 Rb8 25.Rc2 Nd5 26.Nxd5 Qxd5 27.Rc5 Qb7 28.h3 e5 29.Bg3 f6
30.Be4 Qa7 31.f4 Bf8 32.Rc2 exf4 33.Bxf4 Rd8 34.Rc7 Qa1+ 35.Kh2 Bxb4 36.Qc2 Qa3
37.Bd5+ Rxd5 38.Qe4 Re5 39.Bxe5 fxe5 40.Qd5+ Kf8 41.Qf3+ Kg8 42.Qf6  1-0

[Event "TCh-BEL 2003-4"]
[Site "Belgium BEL"]
[Date "2003.12.23"]
[Round "5"]
[White "Marcelin,C"]
[Black "Gurevich,M"]
[Result "0-1"]
[WhiteElo "2473"]
[BlackElo "2656"]

1.d4 d5 2.c4 c6 3.Nc3 Nf6 4.cxd5 cxd5 5.Nf3 Nc6 6.Bf4 a6 7.Rc1 Bf5 8.e3 Rc8
9.Be2 e6 10.O-O Bd6 11.Bxd6 Qxd6 12.Na4 O-O 13.Nc5 Qe7 14.a3 Bg4 15.b4 Rfd8
16.Ne5 Bxe2 17.Qxe2 Nxe5 18.dxe5 Ne4 19.Nxe4 dxe4 20.Rc4 b5 21.Rxe4 Rc3 22.h3 Rxa3
23.Rd1 g6 24.Red4 Rxd4 25.Rxd4 Ra1+ 26.Kh2 Qc7 27.Qb2 Rc1 28.Rd8+ Qxd8 29.Qxc1 a5
30.bxa5 Qxa5 31.Qc5 Kg7 32.f4 Qa4 33.Qe7 Qd1 34.Qf6+ Kg8 35.Qe7 Qd2 36.Qe8+ Kg7
37.Qe7 h5 38.Qf6+ Kg8 39.Qe7 Qxe3 40.Qe8+ Kg7 41.Qxb5 Qxf4+ 42.Kh1 g5 43.Qe2 g4
44.Qe1 g3 45.Kg1 Kg6 46.Qb1+ Kg5  0-1

[Event "TCh-BEL 2003-4"]
[Site "Belgium BEL"]
[Date "2004.01.11"]
[Round "6"]
[White "Gurevich,M"]
[Black "Winants,L"]
[Result "1/2-1/2"]
[WhiteElo "2656"]
[BlackElo "2497"]

1.Nf3 Nf6 2.c4 e6 3.Nc3 Bb4 4.Qc2 d6 5.d4 Nc6 6.Bd2 O-O 7.a3 Bxc3 8.Bxc3 Re8
9.e3 e5 10.d5 Ne7 11.e4 Rf8 12.Bd3 Nh5 13.g3 f5 14.exf5 Bxf5 15.Ng5 Qd7 16.f4 exf4
17.O-O-O Ng6 18.Rhe1 Bxd3 19.Rxd3 Qf5 20.Ne6 Rf7 21.Qd1 fxg3 22.hxg3 Nf6
23.Rf3 Qg4 24.Qd3 Re8 25.Kc2 Ree7 26.Qe2 c6 27.dxc6 bxc6 28.Re3 Qf5+ 29.Kb3 Ng4
30.Re4 N4e5 31.Nf4 c5 32.Nd5 Rb7+ 33.Ka2 Qf3 34.Nf4 Qxe2 35.R1xe2 h6 36.Nxg6 Nxg6
37.Re6 Ne5 38.Rxd6 Nxc4 39.Rc6 Rfc7 40.Ra6 Nb6 41.Re8+ Kh7 42.Re5 Rc6 43.a4 Rbc7
44.Kb3 Rb7 45.Kc2 Rc8 46.Ra5 Rbc7 47.Kb3 Kg8 48.Rf5 Kh7 49.Rb5 Kg6 50.Re5 Kf7
51.Ra5 Nd7  1/2-1/2

[Event "5th IECC"]
[Site "Antalya TUR"]
[Date "2004.05.16"]
[Round "2"]
[White "Klinova,M"]
[Black "Gurevich,M"]
[Result "0-1"]
[WhiteElo "2436"]
[BlackElo "2672"]

1.e4 d6 2.d4 Nf6 3.Nc3 g6 4.Nf3 Bg7 5.Be2 Nc6 6.h3 O-O 7.O-O e5 8.Be3 exd4
9.Nxd4 Bd7 10.Nxc6 Bxc6 11.Bf3 Re8 12.Bg5 h6 13.Bxf6 Bxf6 14.Re1 Bxc3 15.bxc3 Re5
16.Re3 h5 17.Qd4 Qe7 18.a4 h4 19.Rae1 a6 20.Qb4 Re8 21.Qd4 Qg5 22.Bg4 Ra5
23.Ra1 Ree5 24.Be2 Qe7 25.Bd3 Bxa4  0-1

[Event "5th IECC"]
[Site "Antalya TUR"]
[Date "2004.05.17"]
[Round "3"]
[White "Gurevich,M"]
[Black "Stocek,J"]
[Result "1-0"]
[WhiteElo "2672"]
[BlackElo "2543"]

1.d4 Nf6 2.c4 e6 3.Nc3 Bb4 4.e3 O-O 5.Ne2 Re8 6.a3 Bf8 7.d5 a5 8.g3 Na6 9.Bg2 Nc5
10.b3 c6 11.O-O cxd5 12.cxd5 e5 13.Rb1 d6 14.e4 Bd7 15.h3 h5 16.Be3 h4 17.Qd2 hxg3
18.fxg3 Be7 19.Nc1 Nh7 20.Bxc5 dxc5 21.Nd3 Ra6 22.a4 Rh6 23.Qf2 Rf8 24.Nxe5 Bf6
25.Nxf7 Rxf7 26.e5 Ng5 27.exf6 Bxh3 28.Qe3 Bxg2 29.Kxg2 Rhxf6 30.Rbe1 Nf3
31.Rd1 Qf8 32.Rh1 Nd4 33.Ne4 Rf3 34.Qg5 Rxb3 35.Rd2 Nf5 36.Re2 Re7 37.Qh5 Nh6
38.d6 Re5 39.Nf6+ Qxf6 40.Rxe5 Rb2+ 41.Re2 Rxe2+ 42.Qxe2 Qxd6 43.Rd1 Qc6+
44.Qf3 Qe8 45.Rd5 b6 46.Rd6 Nf7 47.Rxb6 c4 48.Ra6 Qd7 49.Ra8+ Kh7 50.Qe4+ g6
51.Re8 Qd2+ 52.Kg1 c3 53.Re7 Qd1+ 54.Kg2 Qd2+ 55.Qe2 Qd5+ 56.Qf3 Qd2+  1-0

[Event "5th IECC"]
[Site "Antalya TUR"]
[Date "2004.05.28"]
[Round "12"]
[White "Navara,D"]
[Black "Gurevich,M"]
[Result "1/2-1/2"]
[WhiteElo "2602"]
[BlackElo "2672"]

1.e4 e6 2.d4 d5 3.Nd2 c5 4.Ngf3 Nf6 5.e5 Nfd7 6.c3 Nc6 7.Bd3 g6 8.h4 Be7
9.O-O h6 10.Re1 cxd4 11.cxd4 Bxh4 12.Nxh4 Qxh4 13.Nf3 Qe7 14.Be3 Nb6 15.Rc1 Bd7
16.a3 O-O-O 17.b4 Kb8 18.Bd2 a6 19.b5 axb5 20.Bxb5 Rc8 21.Qb3 Na7 22.Ba6 Qd8
23.Ba5 Ba4 24.Qb4 bxa6 25.Bxb6 Qd7 26.Rb1 Ka8 27.Bxa7 Rc4 28.Qd6 Qxa7 29.Rb6 Bb5
30.Rb1 Qc7 31.a4 Ka7 32.R6xb5 axb5 33.axb5 Qb6 34.Qa3+ Kb7 35.Nd2 Ra8 36.Qf3 Rc7
37.Nb3 Ra3 38.Nc5+ Qxc5 39.dxc5 Rxf3 40.c6+ Kb6 41.gxf3 Rc8 42.Kg2 Rd8 43.f4 d4
44.Kf1 d3 45.Ke1 d2+ 46.Kd1 Rd3 47.Rb2 h5 48.Rc2 Rd8 49.Rxd2 Rh8 50.Rd7 Kxb5
51.c7 Rc8 52.Rxf7 Kc6 53.Re7 Rxc7 54.Rxe6+ Kd5 55.Rxg6 Ke4 56.Rf6 h4 57.e6 h3
58.Rh6 Kf5 59.Ke2 h2 60.Rxh2 Kxe6 61.Kf3 Kf5 62.Rh5+ Kg6 63.Kg4 Rc2 64.f5+ Kf6
65.Rh6+ Kg7 66.Rg6+ Kf7 67.f3 Rc1 68.Ra6 Rg1+ 69.Kf4 Rb1 70.Ra8 Kf6 71.Ra6+ Kf7
72.Rd6 Ra1 73.f6 Kg6 74.Rb6 Re1 75.f7+  1/2-1/2

[Event "FIDE WCh KO"]
[Site "Tripoli LBA"]
[Date "2004.06.20"]
[Round "1.2"]
[White "Gurevich,M"]
[Black "Johansen,D"]
[Result "1-0"]
[WhiteElo "2672"]
[BlackElo "2489"]

1.d4 e6 2.c4 Bb4+ 3.Nd2 f5 4.g3 Nf6 5.Bg2 O-O 6.Nf3 a5 7.O-O b6 8.d5 Bb7
9.Nd4 Bc5 10.N2b3 a4 11.Nxc5 bxc5 12.Nb5 exd5 13.Bg5 Qc8 14.cxd5 d6 15.Nc3 a3
16.Rb1 Qe8 17.b4 Na6 18.bxc5 Nxc5 19.Be3 Nfd7 20.Nb5 Qc8 21.Qc2 Ra4 22.Rfc1 Ba6
23.Nd4 Rc4 24.Qd2 Qe8 25.Rxc4 Bxc4 26.Qc2 Ne5 27.Rb4 Ng4  1-0

[Event "22nd Open"]
[Site "Andorra la Vella AND"]
[Date "2004.07.04"]
[Round "2"]
[White "Manole,V"]
[Black "Gurevich,M"]
[Result "0-1"]
[WhiteElo "2392"]
[BlackElo "2667"]

1.e4 e6 2.d4 d5 3.Nc3 Nf6 4.exd5 exd5 5.Bg5 Be7 6.Bd3 Nc6 7.Nge2 Be6 8.Na4 h6
9.Bxf6 Bxf6 10.Nc5 Bc8 11.c3 Qd6 12.O-O b6 13.Nb3 Ne7 14.Ng3 g6 15.Re1 O-O
16.Qd2 Kg7 17.Rad1 Bg4 18.f3 Bd7 19.Nc1 Bg5 20.Qe2 Nc6 21.Qc2 Rfe8 22.Nf1 Re7
23.Rxe7 Qxe7 24.Ne2 Re8 25.f4 Bh4 26.Neg3 Na5 27.Rd2 c5 28.Re2 Qd8 29.Rxe8 Bxe8
30.Qf2 Be7 31.Kh1 Nc6 32.dxc5 bxc5 33.a3 h5 34.Nd2 Bd6 35.Ne2 c4 36.Bc2 Qb8
37.b4 cxb3 38.Bxb3 Bxa3 39.Bxd5 Qd6 40.c4 Bb2 41.Ne4 Qa3 42.g3 Ne7 43.Ba8 Nf5
44.h3 Qd3 45.Bd5 a5 46.Kh2 a4 47.Nc5 Qc2 48.Be4 Qxc4 49.Bxf5 gxf5 50.g4 h4
51.gxf5 a3 52.Ng1 Bc6  0-1